[Event "FIN-chT2 Gp2 1819"]
[Site "Finland"]
[Date "2018.12.09"]
[Round "4.1"]
[White "Asomaki, Pekka"]
[Black "Kilpela, Panu"]
[Result "1-0"]
[WhiteElo "2159"]
[BlackElo "2103"]
[PlyCount "93"]
[EventDate "2018.09.15"]
[EventType "team-tourn"]
[EventRounds "6"]
[EventCountry "FIN"]
[SourceTitle "EXT 2020"]
[Source "ChessBase"]
[SourceDate "2019.10.17"]
[SourceVersion "1"]
[SourceVersionDate "2019.10.17"]
[SourceQuality "1"]
[WhiteTeam "Jarvenpaa SK"]
[BlackTeam "Helsinki HSK"]
[WhiteTeamCountry "FIN"]
[BlackTeamCountry "FIN"]

1. e4 d6 2. d4 Nf6 3. Nc3 g6 4. Bg5 Bg7 5. Qd2 h6 6. Bh4 g5 7. Bg3 Nh5 8. 0-0-0 e6 9. Be2 Nxg3 10. hxg3 Nc6 11. Qe3 Qf6 12. Nb5 0-0 13. f4 a6 14. e5 Qe7 15. Nc3 dxe5 16. dxe5 gxf4 17. gxf4 f6 18. Nf3 b6 19. g4 Bb7 20. g5 hxg5 21. Qd3 Rfd8 22. Qh7+ Kf8 23. Rdg1 Nd4 24. Nxd4 Rxd4 25. exf6 Qxf6 26. fxg5 Qe5 27. Rf1+ Rf4 28. Rhg1 Ke7 29. Rxf4 Qxf4+ 30. Kb1 Qe5 31. Rd1 b5 32. a3 c5 33. Qd3 Bc6 34. Bf3 Qc7 35. Qg6 Bd4 36. Ne4 Rf8 37. Bh5 Qe5 38. Nf6 Rxf6 39. Qg7+ Kd6 40. Qxf6 Bd5 41. Qxe5+ Kxe5 42. Rf1 Kd6 43. g6 b4 44. axb4 cxb4 45. Rf7 Be4 46. b3 e5 47. g7 1-0

[Event "Hamina Bastioni op"]
[Site "Hamina"]
[Date "2016.09.25"]
[Round "5"]
[White "Luukkonen, Tommi"]
[Black "Kilpela, Panu"]
[Result "1-0"]
[WhiteElo "2354"]
[BlackElo "2149"]
[PlyCount "65"]
[EventDate "2016.09.23"]
[EventType "swiss"]
[EventRounds "5"]
[EventCountry "FIN"]
[SourceTitle "CBM 174 Extra"]
[Source "ChessBase"]
[SourceDate "2016.10.10"]
[SourceVersion "1"]
[SourceVersionDate "2016.10.10"]
[SourceQuality "1"]

1. e4 e5 2. Nf3 Qe7 3. Bc4 h6 4. 0-0 d6 5. d4 Nf6 6. Nc3 c6 7. a4 Bg4 8. dxe5 dxe5 9. b3 Qc7 10. h3 Bh5 11. g4 Bg6 12. Nh4 Bb4 13. Nxg6 fxg6 14. Na2 Bd6 15. Qd3 Nbd7 16. Rd1 Be7 17. Be3 a5 18. Be6 Nf8 19. Qc4 Bd6 20. Nc3 Qe7 21. Rxd6 Qxd6 22. Bf7+ Ke7 23. Bc5 Qxc5 24. Qxc5+ Kxf7 25. Qxe5 Ne6 26. Rd1 Rhd8 27. Rxd8 Rxd8 28. Qxa5 g5 29. Qb6 Rd7 30. e5 Ne8 31. Ne4 Nd8 32. Nc5 Rc7 33. a5 1-0

[Event "Helsinki We Garden syysturnaus A"]
[Site "Helsinki"]
[Date "2016.09.11"]
[Round "4"]
[White "Hautamaeki, Panu"]
[Black "Kilpela, Panu"]
[Result "0-1"]
[WhiteElo "1924"]
[BlackElo "2149"]
[PlyCount "72"]
[EventDate "2016.09.09"]
[EventType "swiss"]
[EventRounds "5"]
[EventCountry "FIN"]
[SourceTitle "EXT 2022"]
[Source "ChessBase"]
[SourceDate "2021.10.06"]
[SourceVersion "1"]
[SourceVersionDate "2021.10.06"]
[SourceQuality "1"]

1. d4 e6 2. Nf3 c5 3. g3 b6 4. Bg2 Bb7 5. dxc5 bxc5 6. c4 Nf6 7. 0-0 Be7 8. Qb3 Qc8 9. Bg5 0-0 10. Nc3 Nc6 11. Rad1 Rd8 12. e4 d6 13. Rd2 a6 14. Rfd1 Na5 15. Qa4 Qc7 16. b3 h6 17. Bxf6 Bxf6 18. e5 dxe5 19. Rd7 Rxd7 20. Rxd7 Qc6 21. Ne1 Qc8 22. Bxb7 Nxb7 23. Ne4 Bd8 24. Nd3 f6 25. Nd6 Nxd6 26. Rxd6 Be7 27. Rc6 Qd8 28. Nxc5 Qd1+ 29. Kg2 Rd8 30. Nxe6 Rd2 31. Rc8+ Kf7 32. Nc7 Rxf2+ 33. Kxf2 Bc5+ 34. Kg2 Qg1+ 35. Kh3 Qf1+ 36. Kh4 g5+ 0-1

[Event "Jyvaskyla Winter Weekend A"]
[Site "Jyvaskyla"]
[Date "2016.01.24"]
[Round "4"]
[White "Hintikka, Eero"]
[Black "Kilpela, Panu"]
[Result "0-1"]
[WhiteElo "2077"]
[BlackElo "2134"]
[PlyCount "148"]
[EventDate "2016.01.22"]
[EventType "swiss"]
[EventRounds "5"]
[EventCountry "FIN"]
[SourceTitle "EXT 2022"]
[Source "ChessBase"]
[SourceDate "2021.10.06"]
[SourceVersion "1"]
[SourceVersionDate "2021.10.06"]
[SourceQuality "1"]

1. e4 e5 2. Nf3 Qe7 3. Bc4 h6 4. 0-0 d6 5. d4 Nf6 6. b3 Nc6 7. Bb5 Bd7 8. Ba3 Nxd4 9. Nxd4 exd4 10. Bxd7+ Nxd7 11. e5 c5 12. exd6 Qxd6 13. Re1+ Be7 14. Nc3 0-0 15. Nb5 Qa6 16. c4 Bd8 17. Bc1 Qc6 18. Qg4 a6 19. Na3 Nf6 20. Qf4 b6 21. Nc2 Qd7 22. Qf3 Ra7 23. h3 Nh7 24. Re5 Bf6 25. Rd5 Qc6 26. Ne1 Rd7 27. Bxh6 Rxd5 28. cxd5 Qb7 29. Bf4 Rd8 30. d6 Qxf3 31. Nxf3 g5 32. Bg3 Bg7 33. b4 c4 34. Ne5 d3 35. Rd1 Bxe5 36. Bxe5 f6 37. Bg3 Nf8 38. f4 gxf4 39. Bxf4 Ng6 40. Bd2 Rxd6 41. Bc3 Nf4 42. Kf2 Nd5 43. Be1 Re6 44. a3 Re2+ 45. Kf3 b5 46. Bd2 Kf7 47. h4 f5 48. h5 Kg7 49. g4 fxg4+ 50. Kxg4 c3 51. Bxc3+ Nxc3 52. Rxd3 Rg2+ 53. Kf3 Rh2 54. Kg3 Rc2 55. Rd7+ Kh6 56. Rd6+ Kxh5 57. Rxa6 Kg5 58. Ra7 Kf6 59. Kf3 Rd2 60. Ke3 Rd5 61. Ra8 Ke6 62. Rc8 Na4 63. Rb8 Kd7 64. Rh8 Kc7 65. Rh7+ Kc6 66. Rh6+ Rd6 67. Rh5 Nb2 68. Rc5+ Kb6 69. Ke4 Rd8 70. Rc2 Nc4 71. a4 Nd6+ 72. Kd5 bxa4 73. Rh2 Kb5 74. Rh7 Nf7+ 0-1

[Event "Jyvaskyla Winter Weekend A"]
[Site "Jyvaskyla"]
[Date "2016.01.22"]
[Round "1"]
[White "Kilpela, Panu"]
[Black "Privalov, Vyacheslav N"]
[Result "1-0"]
[WhiteElo "2134"]
[BlackElo "2034"]
[PlyCount "75"]
[EventDate "2016.01.22"]
[EventType "swiss"]
[EventRounds "5"]
[EventCountry "FIN"]
[SourceTitle "EXT 2022"]
[Source "ChessBase"]
[SourceDate "2021.10.06"]
[SourceVersion "1"]
[SourceVersionDate "2021.10.06"]
[SourceQuality "1"]

1. e4 e6 2. f4 b6 3. Nf3 Bb7 4. Qe2 d5 5. exd5 Qxd5 6. Nc3 Qf5 7. Qb5+ c6 8. Qxf5 exf5 9. Bd3 g6 10. 0-0 Nd7 11. Re1+ Be7 12. a4 h6 13. Bc4 Rh7 14. b4 Ngf6 15. b5 c5 16. d3 Kf8 17. Ne5 Bd6 18. a5 bxa5 19. Rxa5 Bc7 20. Ra2 Nxe5 21. fxe5 Nd7 22. e6 fxe6 23. Rxe6 g5 24. Bd5 Bxd5 25. Nxd5 Be5 26. Raa6 Kf7 27. Re7+ Kg8 28. Rxe5 Nxe5 29. Nf6+ Kg7 30. Nxh7 Kxh7 31. b6 Rb8 32. bxa7 Ra8 33. Be3 Nd7 34. d4 f4 35. Bf2 c4 36. d5 h5 37. Bd4 g4 38. Rc6 1-0

[Event "Helsinki mestaruus M 2016"]
[Site "Helsinki"]
[Date "2015.12.28"]
[Round "1"]
[White "Ponnio, Toni"]
[Black "Kilpela, Panu"]
[Result "1-0"]
[WhiteElo "2053"]
[BlackElo "2134"]
[PlyCount "81"]
[EventDate "2015.12.28"]
[EventType "tourn"]
[EventRounds "9"]
[EventCountry "FIN"]
[SourceTitle "EXT 2022"]
[Source "ChessBase"]
[SourceDate "2021.10.06"]
[SourceVersion "1"]
[SourceVersionDate "2021.10.06"]
[SourceQuality "1"]

1. d4 c5 2. d5 g6 3. e4 e5 4. Nf3 d6 5. Bb5+ Nd7 6. a4 Bg7 7. Nc3 Nh6 8. 0-0 0-0 9. a5 a6 10. Be2 f6 11. Nd2 f5 12. Nc4 Nf6 13. Nb6 Rb8 14. f3 f4 15. Qd3 Nh5 16. Bd2 Bf6 17. Rfb1 Qc7 18. Qc4 Qg7 19. b4 cxb4 20. Nd1 Bd8 21. Rxb4 Bd7 22. Qb3 Be8 23. Nc4 Qc7 24. Be1 Bb5 25. Nc3 Bxc4 26. Rxc4 Qd7 27. Rb4 Qc8 28. Bf2 Bf6 29. Rb1 Qc7 30. Rc4 Qe7 31. Ba7 Ra8 32. Bb6 Rfc8 33. Na4 Nf7 34. Bf2 Rxc4 35. Bxc4 Nd8 36. Nb6 Rb8 37. Qa4 Kf7 38. Bd3 Bh4 39. Bxh4 Qxh4 40. Qb4 Qf6 41. Nd7 1-0

[Event "Lahti We LahS"]
[Site "Lahti"]
[Date "2015.07.26"]
[Round "4"]
[White "Kiltti, Jyrki"]
[Black "Kilpela, Panu"]
[Result "1-0"]
[WhiteElo "2244"]
[BlackElo "2149"]
[PlyCount "87"]
[EventDate "2015.07.24"]
[EventType "swiss"]
[EventRounds "5"]
[EventCountry "FIN"]
[SourceTitle "EXT 2022"]
[Source "ChessBase"]
[SourceDate "2021.10.06"]
[SourceVersion "1"]
[SourceVersionDate "2021.10.06"]
[SourceQuality "1"]

1. d4 e6 2. g3 d5 3. Bg2 c6 4. Nf3 f5 5. 0-0 Nf6 6. c4 b6 7. Ne5 Nfd7 8. cxd5 exd5 9. Nd3 Bd6 10. Bf4 Qf6 11. Nc3 Bb7 12. f3 Qxd4+ 13. e3 Qf6 14. e4 Bxf4 15. Nxf4 d4 16. exf5 dxc3 17. Re1+ Kd8 18. Ne6+ Kc8 19. Qd6 Na6 20. f4 Ndb8 21. bxc3 Rd8 22. Qxd8+ Qxd8 23. Nxd8 Kxd8 24. Rad1+ Nd7 25. f6 gxf6 26. Re6 Kc7 27. Re7 Nac5 28. Rxh7 Re8 29. g4 Rg8 30. Bf3 Bc8 31. h4 Ne6 32. f5 Nef8 33. Rf7 Kb8 34. Kf2 Kc7 35. Kg3 Ba6 36. Kf4 Bc4 37. Re7 Rh8 38. g5 Rxh4+ 39. Bg4 Kd8 40. gxf6 Rh7 41. Rdxd7+ Nxd7 42. Rxh7 Nxf6 43. Rxa7 Nd5+ 44. Ke5 1-0

[Event "Helsinki Arena HSL"]
[Site "Helsinki"]
[Date "2015.06.27"]
[Round "2"]
[White "Kilpela, Panu"]
[Black "Ristoja, Samu"]
[Result "1/2-1/2"]
[WhiteElo "2132"]
[BlackElo "2190"]
[PlyCount "114"]
[EventDate "2015.06.27"]
[EventType "swiss"]
[EventRounds "5"]
[EventCountry "FIN"]
[SourceTitle "EXT 2022"]
[Source "ChessBase"]
[SourceDate "2021.10.06"]
[SourceVersion "1"]
[SourceVersionDate "2021.10.06"]
[SourceQuality "1"]

1. e4 c5 2. Nf3 e6 3. d4 cxd4 4. Nxd4 Nc6 5. Nb5 d6 6. Bf4 e5 7. Be3 a6 8. N5c3 Be6 9. Na3 Nf6 10. Nc4 b5 11. Nb6 Rb8 12. Nbd5 Bxd5 13. Nxd5 Nxd5 14. Qxd5 Ne7 15. Qb3 d5 16. exd5 Qxd5 17. c4 Qb7 18. cxb5 axb5 19. 0-0-0 g6 20. Bg5 Bg7 21. Bxe7 Bh6+ 22. Kb1 Qxe7 23. Bxb5+ Kf8 24. h4 Kg7 25. a4 Rhd8 26. g3 Qc5 27. Qc2 Qb4 28. Qe2 Kg8 29. h5 Bg7 30. hxg6 hxg6 31. f3 Rd4 32. Rxd4 exd4 33. Rd1 Rd8 34. Rd3 Kh7 35. f4 Rc8 36. Qd2 Qc5 37. Rf3 Rc7 38. g4 Re7 39. Rf1 Qd5 40. Qh2+ Kg8 41. Qh1 Qb3 42. Qa8+ Bf8 43. Qd8 Re4 44. g5 Qe6 45. Qf6 Re1+ 46. Rxe1 Qxe1+ 47. Ka2 Bg7 48. Qd8+ Kh7 49. Bc4 Qb4 50. Bb3 d3 51. f5 gxf5 52. Qxd3 Kg6 53. Qc4 Qe7 54. a5 Qe5 55. Qc3 Qxc3 56. bxc3 Bxc3 57. a6 Bd4 1/2-1/2

[Event "Helsinki-ch 2015"]
[Site "Helsinki"]
[Date "2015.01.02"]
[Round "4.5"]
[White "Kilpela, Panu"]
[Black "Tuovinen, Jukka"]
[Result "1/2-1/2"]
[WhiteElo "2122"]
[BlackElo "2049"]
[PlyCount "82"]
[EventDate "2014.12.29"]
[EventType "swiss"]
[EventRounds "7"]
[EventCountry "FIN"]
[SourceTitle "EXT 2022"]
[Source "ChessBase"]
[SourceDate "2021.10.06"]
[SourceVersion "1"]
[SourceVersionDate "2021.10.06"]
[SourceQuality "1"]

1. e4 e5 2. Nf3 Nc6 3. Bb5 a6 4. Ba4 d6 5. c3 Bd7 6. d4 Nge7 7. Be3 Ng6 8. h4 h5 9. g3 Be7 10. d5 Nb8 11. Bc2 Bg4 12. Nbd2 Nd7 13. Qb1 Nf6 14. Ng5 Nh7 15. Nxh7 Rxh7 16. f3 Bd7 17. Bd3 Bf6 18. c4 Nf8 19. Qc2 b6 20. 0-0-0 c5 21. dxc6 Bxc6 22. Kb1 Ne6 23. Bf1 Qc7 24. Bh3 0-0-0 25. Qb3 Kb7 26. Bxe6 fxe6 27. c5 dxc5 28. Nc4 Rhh8 29. Ka1 Bb5 30. a4 Bxc4 31. Qxc4 Rxd1+ 32. Rxd1 Rd8 33. Rc1 Qc6 34. a5 b5 35. Qxc5 Qxc5 36. Bxc5 Rd3 37. Rc3 Rxc3 38. bxc3 Kc6 39. Bb6 g6 40. Kb2 Be7 41. Ka2 Bf6 1/2-1/2

[Event "Helsinki-ch 2015"]
[Site "Helsinki"]
[Date "2014.12.30"]
[Round "2.1"]
[White "Hokkanen, Petri"]
[Black "Kilpela, Panu"]
[Result "1/2-1/2"]
[WhiteElo "2240"]
[BlackElo "2122"]
[PlyCount "89"]
[EventDate "2014.12.29"]
[EventType "swiss"]
[EventRounds "7"]
[EventCountry "FIN"]
[SourceTitle "EXT 2022"]
[Source "ChessBase"]
[SourceDate "2021.10.06"]
[SourceVersion "1"]
[SourceVersionDate "2021.10.06"]
[SourceQuality "1"]

1. e4 e5 2. Nf3 Qe7 3. Nc3 c6 4. d4 d6 5. Be2 h6 6. 0-0 Nf6 7. a4 a5 8. dxe5 dxe5 9. Nd2 Qc7 10. Nc4 Bc5 11. Kh1 g5 12. Be3 Bxe3 13. fxe3 Ke7 14. Qe1 Be6 15. Qg3 Nbd7 16. Rad1 Rag8 17. Nd6 Ne8 18. Nf5+ Bxf5 19. exf5 Nef6 20. Bc4 Rd8 21. b3 Nc5 22. Bd3 Rd7 23. e4 Rhd8 24. h4 Rg8 25. Qe3 b6 26. Be2 Rxd1 27. Rxd1 Rh8 28. Kg1 g4 29. g3 h5 30. Bd3 Rd8 31. Kf1 Rd6 32. Ke2 Qd8 33. Rd2 Rd4 34. Kd1 Rd6 35. Nb1 Ke8 36. Ke2 Kf8 37. Nc3 Nfd7 38. Qg5 Nf6 39. Rd1 Rd4 40. Ke3 Ke7 41. Ke2 Ke8 42. Rd2 Ke7 43. Rd1 Ke8 44. Rd2 Ke7 45. Rd1 1/2-1/2

[Event "FIN-chT1B 1415"]
[Site "Finland"]
[Date "2014.11.15"]
[Round "3.2"]
[White "Kilpela, Panu"]
[Black "Nippula, Timo"]
[Result "1/2-1/2"]
[WhiteElo "2111"]
[BlackElo "2218"]
[PlyCount "105"]
[EventDate "2014.09.27"]
[EventType "team-tourn"]
[EventRounds "7"]
[EventCountry "FIN"]
[SourceTitle "EXT 2017"]
[Source "ChessBase"]
[SourceDate "2016.10.25"]
[SourceVersion "1"]
[SourceVersionDate "2016.10.25"]
[SourceQuality "1"]
[WhiteTeam "Helsinki HSK"]
[BlackTeam "Kotka KymS"]
[WhiteTeamCountry "FIN"]
[BlackTeamCountry "FIN"]

1. e4 e5 2. Nc3 Nf6 3. g3 Nc6 4. Bg2 d6 5. Nge2 h5 6. h3 Be7 7. d4 h4 8. g4 Nh7 9. d5 Nb8 10. Qd3 Nd7 11. Be3 Bg5 12. Nb5 Bxe3 13. Qxe3 a6 14. Na7 g5 15. Nc1 Nhf8 16. Nb3 Ng6 17. c4 Nf4 18. Bf1 b6 19. Nxc8 Qxc8 20. Rh2 0-0 21. f3 a5 22. Rc2 a4 23. Nd2 Nc5 24. Kf2 Kg7 25. Rc3 Ra7 26. Rac1 Qa8 27. Nb1 Qb7 28. Kg1 Rfa8 29. Kh2 Na6 30. Ra3 Nc5 31. Nc3 Ra5 32. Nb5 Qc8 33. Rac3 Qd8 34. Na3 Qf6 35. Nc2 Na6 36. Ra3 Nc5 37. Nb4 Kh6 38. Nc6 R5a6 39. Rc2 Kg7 40. Kg1 Kh6 41. Rh2 Kg7 42. Nb4 Ra5 43. Nc2 Qd8 44. Qd2 Kg6 45. Ne3 Kf6 46. Nd1 Kg6 47. Nc3 Qe7 48. Nb5 Qd7 49. Be2 Qe7 50. Bd1 Qd7 51. Nc3 Qe7 52. Bc2 Kh6 53. Bd1 1/2-1/2

[Event "Heart of Finland op 24th"]
[Site "Jyvaskyla"]
[Date "2014.07.12"]
[Round "8"]
[White "Ristoja, Samu"]
[Black "Kilpela, Panu"]
[Result "0-1"]
[WhiteElo "2124"]
[BlackElo "2049"]
[PlyCount "128"]
[EventDate "2014.07.07"]
[EventType "swiss"]
[EventRounds "9"]
[EventCountry "FIN"]
[SourceTitle "EXT 2019"]
[Source "ChessBase"]
[SourceDate "2018.10.10"]
[SourceVersion "1"]
[SourceVersionDate "2018.10.10"]
[SourceQuality "1"]

1. e4 e5 2. Nf3 Qe7 3. Nc3 c6 4. Bc4 h6 5. Qe2 d6 6. d3 Qf6 7. Bd2 Bg4 8. 0-0-0 Ne7 9. h3 Bxf3 10. gxf3 g5 11. h4 gxh4 12. f4 exf4 13. e5 Qxe5 14. Ne4 d5 15. Qg4 Rg8 16. Qxh4 dxe4 17. Bxf4 Qf5 18. dxe4 Qc5 19. Bxb8 Qxc4 20. Qf4 Qe6 21. Rd3 Rg4 22. Rhd1 Nd5 23. Qh2 Rxe4 24. f3 Re2 25. Qg3 Qg6 26. Re1 Qg5+ 27. f4 Rxe1+ 28. Qxe1+ Qe7 29. Be5 0-0-0 30. Qg1 b6 31. a3 Kb7 32. Kb1 f6 33. Bc3 Nxc3+ 34. Rxc3 Qc7 35. Qg6 Rd1+ 36. Ka2 Qe7 37. f5 Rd7 38. Qg2 Qf7+ 39. b3 Rd5 40. Rxc6 Kxc6 41. c4 a5 42. Qe4 Kd6 43. cxd5 Qxd5 44. Qe8 Be7 45. Qb8+ Kd7 46. Qxb6 Qxf5 47. Qa7+ Ke8 48. Kb2 Qc5 49. Qa8+ Kf7 50. Qh8 Qxa3+ 51. Kc2 Qc5+ 52. Kb2 Qf2+ 53. Kc3 Qg3+ 54. Kb2 f5 55. Qa8 Qe5+ 56. Kc1 f4 57. b4 axb4 58. Kc2 Qf5+ 59. Kd2 f3 60. Qa2+ Qe6 61. Qa8 Qe2+ 62. Kc1 Bg5+ 63. Kb1 Qd3+ 64. Kb2 Qa3+ 0-1

[Event "Heart of Finland op 24th"]
[Site "Jyvaskyla"]
[Date "2014.07.10"]
[Round "6"]
[White "Saveliev, Alexei"]
[Black "Kilpela, Panu"]
[Result "1-0"]
[WhiteElo "2184"]
[BlackElo "2049"]
[PlyCount "133"]
[EventDate "2014.07.07"]
[EventType "swiss"]
[EventRounds "9"]
[EventCountry "FIN"]
[SourceTitle "CBM 161 Extra"]
[Source "ChessBase"]
[SourceDate "2014.08.29"]
[SourceVersion "1"]
[SourceVersionDate "2014.08.29"]
[SourceQuality "1"]

1. e4 e5 2. Nf3 Qe7 3. Bc4 h6 4. a4 Nf6 5. Nc3 c6 6. 0-0 d6 7. d4 g5 8. dxe5 dxe5 9. b3 Bg4 10. Qe2 Qc7 11. Bb2 Nbd7 12. Rad1 Bh5 13. Nb1 Bc5 14. Kh1 0-0-0 15. c3 a5 16. Nbd2 Rhe8 17. Bd3 Nb6 18. Bc2 Kb8 19. Ba1 Rd7 20. Nb1 Rxd1 21. Rxd1 Qe7 22. Nbd2 Ng4 23. Rf1 Nxh2 24. Kxh2 g4 25. g3 gxf3 26. Nxf3 Qf6 27. Kg2 Re6 28. Bd1 Qd8 29. Qc2 Bg6 30. Nh4 Bh7 31. Bg4 Rd6 32. Nf3 f6 33. Bb2 Rd3 34. Re1 Bg6 35. Nd4 Rxd4 36. cxd4 Bxd4 37. Bf3 c5 38. Bc1 h5 39. Rh1 Qe8 40. Bd2 Nc8 41. Bxa5 Nd6 42. Bc3 b6 43. a5 Nb5 44. Bd2 Qc6 45. axb6 Kb7 46. Rh4 Kxb6 47. Bxh5 Bxh5 48. Rxh5 Nd6 49. f3 Qb5 50. Be1 Be3 51. Rh8 Qa6 52. Bf2 Bxf2 53. Qxf2 Qa3 54. Qd2 Nb7 55. Qc2 Na5 56. Rf8 Ka7 57. Rf7+ Ka8 58. Qd2 Nb7 59. Qd5 Qa2+ 60. Kh3 Qa6 61. Kg4 Kb8 62. Rxb7+ Qxb7 63. Qxb7+ Kxb7 64. Kf5 Kb6 65. Kxf6 Kb5 66. Kxe5 Kb4 67. Kd5 1-0

[Event "Heart of Finland op 24th"]
[Site "Jyvaskyla"]
[Date "2014.07.09"]
[Round "4"]
[White "Franssila, Tommi"]
[Black "Kilpela, Panu"]
[Result "0-1"]
[WhiteElo "2227"]
[BlackElo "2049"]
[PlyCount "88"]
[EventDate "2014.07.07"]
[EventType "swiss"]
[EventRounds "9"]
[EventCountry "FIN"]
[SourceTitle "CBM 161 Extra"]
[Source "ChessBase"]
[SourceDate "2014.08.29"]
[SourceVersion "1"]
[SourceVersionDate "2014.08.29"]
[SourceQuality "1"]

1. e4 e5 2. Nf3 Qe7 3. Bc4 d6 4. Nc3 c6 5. h3 b5 6. Bb3 h6 7. 0-0 g5 8. d4 a6 9. a4 b4 10. Ne2 a5 11. Ng3 g4 12. hxg4 Bxg4 13. dxe5 dxe5 14. Nf5 Qf6 15. Be3 Nd7 16. Qd3 Bxf5 17. exf5 Ne7 18. Nd2 Nxf5 19. Ne4 Qe7 20. Rad1 Rd8 21. Qc4 Rg8 22. Qxc6 Rg6 23. Qc7 Nh4 24. g3 f5 25. Bc5 Nf3+ 26. Kh1 Qh7 27. Bxf8 fxe4 28. Rd5 Rg5 29. Rfd1 Qf5 30. Kg2 Rh5 31. Qxd8+ Kxd8 32. Rxd7+ Qxd7 33. Rxd7+ Kxd7 34. g4 Rg5 35. Kh3 h5 36. gxh5 Rxh5+ 37. Kg4 Rg5+ 38. Kh3 Rf5 39. Bc5 Kc6 40. Be3 Nd4 41. Kg4 Rf3 42. Bc4 Nxc2 43. Bb5+ Kc7 44. Bc5 Nd4 0-1

[Event "Heart of Finland op 24th"]
[Site "Jyvaskyla"]
[Date "2014.07.08"]
[Round "2"]
[White "Viljava, Tapani"]
[Black "Kilpela, Panu"]
[Result "0-1"]
[WhiteElo "2186"]
[BlackElo "2049"]
[PlyCount "58"]
[EventDate "2014.07.07"]
[EventType "swiss"]
[EventRounds "9"]
[EventCountry "FIN"]
[SourceTitle "CBM 161 Extra"]
[Source "ChessBase"]
[SourceDate "2014.08.29"]
[SourceVersion "1"]
[SourceVersionDate "2014.08.29"]
[SourceQuality "1"]

1. e4 d6 2. d4 Nf6 3. Nc3 c6 4. f4 Qa5 5. e5 Ne4 6. Qf3 d5 7. Bd3 Bf5 8. g4 Nxc3 9. Bxf5 Nb5+ 10. Bd2 Qb6 11. c3 e6 12. Bd3 c5 13. dxc5 Bxc5 14. Ne2 a5 15. Kf1 Nd7 16. Kg2 a4 17. b4 axb3 18. axb3 0-0 19. b4 Be7 20. Be3 Qc6 21. Nd4 Nxd4 22. Bxd4 Qc7 23. Qe3 Rxa1 24. Rxa1 Rb8 25. f5 Qd8 26. Bc2 Ra8 27. Rf1 g6 28. Kh1 Ra2 29. Bb1 Ra3 0-1

[Event "Helsinki We HSL 6th"]
[Site "Helsinki"]
[Date "2014.??.??"]
[Round "3"]
[White "Kilpela, Panu"]
[Black "Elomaa, Arto"]
[Result "1-0"]
[WhiteElo "2050"]
[BlackElo "2106"]
[PlyCount "83"]
[EventDate "2014.??.??"]
[EventType "swiss"]
[EventRounds "5"]
[EventCountry "FIN"]
[SourceTitle "EXT 2022"]
[Source "ChessBase"]
[SourceDate "2021.10.06"]
[SourceVersion "1"]
[SourceVersionDate "2021.10.06"]
[SourceQuality "1"]

1. c4 Nf6 2. Nc3 e5 3. Nf3 Nc6 4. g3 Bb4 5. Nd5 Bc5 6. d3 h6 7. Bg2 0-0 8. 0-0 Re8 9. Nd2 Bf8 10. Ne4 Nxe4 11. dxe4 Nd4 12. Be3 c6 13. Nc3 Ne6 14. Qd3 d6 15. b4 a5 16. a3 Nc7 17. Rab1 axb4 18. axb4 Be6 19. f4 f6 20. f5 Bf7 21. g4 Ra3 22. Bc1 Ra8 23. Be3 Na6 24. Rfd1 Qc7 25. h4 d5 26. exd5 Nxb4 27. Qe4 cxd5 28. Nxd5 Nxd5 29. cxd5 Qd7 30. d6 b5 31. Qc6 Rad8 32. Rxb5 e4 33. Qxd7 Rxd7 34. Bf4 Bc4 35. Rb2 Red8 36. Rd4 Ba6 37. Kf1 Bxd6 38. Rbd2 e3 39. Bxe3 Bc8 40. Bd5+ Kh8 41. Be6 Bc5 42. Rxd7 1-0

[Event "Helsinki We HSL 6th"]
[Site "Helsinki"]
[Date "2014.??.??"]
[Round "1"]
[White "Kugappi, Tomi"]
[Black "Kilpela, Panu"]
[Result "0-1"]
[WhiteElo "1708"]
[BlackElo "2050"]
[PlyCount "76"]
[EventDate "2014.??.??"]
[EventType "swiss"]
[EventRounds "5"]
[EventCountry "FIN"]
[SourceTitle "EXT 2022"]
[Source "ChessBase"]
[SourceDate "2021.10.06"]
[SourceVersion "1"]
[SourceVersionDate "2021.10.06"]
[SourceQuality "1"]

1. e4 d6 2. Nc3 g6 3. g3 Bg7 4. Bg2 Nc6 5. Nge2 e5 6. 0-0 Be6 7. d3 Qd7 8. Be3 Nd4 9. f4 c6 10. Qd2 Ne7 11. fxe5 dxe5 12. Bh6 Bxh6 13. Qxh6 Nxc2 14. Rac1 Nb4 15. Rcd1 0-0-0 16. d4 Qc7 17. Kh1 Kb8 18. Qg5 exd4 19. Nxd4 Bc4 20. Nde2 Nxa2 21. Rfe1 Nxc3 22. Nxc3 h6 23. Qe3 g5 24. Na4 Qe5 25. b3 Be6 26. Nc5 Bg4 27. Ra1 Nc8 28. h3 Bh5 29. g4 Bg6 30. Rad1 Nb6 31. Na4 Nxa4 32. bxa4 h5 33. gxh5 Bxh5 34. Rxd8+ Rxd8 35. Rb1 Bg6 36. Qb3 Rd7 37. Qc4 Rd4 38. Qc1 Bxe4 0-1